Léon Blum : La morale et le pouvoir (notice n° 2197985)
[ vue normale ]
| 000 -LEADER | |
|---|---|
| fixed length control field | 01163cam a2200133 4500500 |
| 005 - DATE AND TIME OF LATEST TRANSACTION | |
| control field | 20260405085504.0 |
| 041 ## - LANGUAGE CODE | |
| Language code of text/sound track or separate title | fre |
| 042 ## - AUTHENTICATION CODE | |
| Authentication code | dc |
| 100 10 - MAIN ENTRY--PERSONAL NAME | |
| Personal name | Monier, Frédéric |
| Relator term | author |
| 245 00 - TITLE STATEMENT | |
| Title | Léon Blum : La morale et le pouvoir |
| 260 ## - PUBLICATION, DISTRIBUTION, ETC. | |
| Name of publisher, distributor, etc. | Armand Colin,<br/> |
| Date of publication, distribution, etc. | 2016.<br/> |
| 520 ## - SUMMARY, ETC. | |
| Summary, etc. | Cette biographie de Léon Blum propose de faire la synthèse du parcours d’un homme qui incarne, entre Jaurès et Mitterrand, le socialisme français. On redécouvre l’importance d’une figure atypique d’intellectuel engagé dans la politique, bien plus complexe que l’image que nous avons conservé à travers la mémoire du Front populaire ; on mesure aussi à quel point l’engagement démocratique et réformiste qui était le sien à été mal compris.Ce sont toutes les faiblesses d’une gauche française peu apte à faire coincider l’exercice du pouvoir avec ses vues éthiques, mais aussi la longue résistance de pans entiers de la société française aux évolutions nécessaires de la gouvernance que ce livre donne à mieux comprendre. |
| 856 41 - ELECTRONIC LOCATION AND ACCESS | |
| Uniform Resource Identifier | <a href="https://shs.cairn.info/leon-blum--9782200355890?lang=fr&redirect-ssocas=7080">https://shs.cairn.info/leon-blum--9782200355890?lang=fr&redirect-ssocas=7080</a> |
Pas d'exemplaire disponible.




Réseaux sociaux